Die meisten besuchten Länder - Amerikaner - Statistiken

Allgemein
  • Dieses Quiz wurde 287 mal gespielt
  • Das Durchschnittsergebnis liegt bei 8 aus 10
Antwortstatistiken
Rank Destinationen % Korrekt
7 Deutschland
98%
2 Kanada
96%
5 Frankreich
93%
1 Mexiko
90%
10 Spain
90%
6 Italien
89%
9 China
84%
3 Großbritannien
70%
4 Dominikanische Republik
31%
8 Jamaika
30%
Keine übereinstimmenden Quizze gefunden
Verteilung der Resultate
Anzahl Personen mit jedem Resultat
Perzentil nach korrekt beantworteten Fragen
Ihre Resultats-Entwicklung
Sie haben dieses Quiz noch nicht gespielt